Formule 1 - Polemans sans victoires - Statistiques

Statistiques générales
  • Ce quiz a été pris 463 fois
    220 depuis la dernière actualisation
  • Le résultat moyen est 5 sur 22
Statistiques - réponses
Année Grand Prix Pilote Ecurie % Correct
2022 GP de Sao Paulo Kevin Magnussen Haas-Ferrari
96%
2020 GP de Turquie Lance Stroll Racing Point-BWT Mercedes
87%
2010 GP du Brésil Nico Hülkenberg Williams-Cosworth
58%
2005 GP d'Europe Nick Heidfeld Williams-BMW
27%
1982 GP des Etats-Unis Ouest Andrea de Cesaris Alfa Romeo
19%
1985 GP d'Allemagne Teo Fabi Toleman-Hart
15%
1986 GP d'Autriche Teo Fabi Benetton-BMW
15%
1986 GP d'Italie Teo Fabi Benetton-BMW
15%
1975 GP d'Argentine Jean-Pierre Jarier Shadow-Ford
12%
1975 GP du Brésil Jean-Pierre Jarier Shadow-Ford
12%
1978 GP du Canada Jean-Pierre Jarier Lotus-Ford
12%
1968 GP d'Espagne Chris Amon Ferrari
11%
1968 GP de Belgique Chris Amon Ferrari
11%
1968 GP des Pays-Bas Chris Amon Ferrari
11%
1971 GP d'Italie Chris Amon Matra
11%
1972 GP de France Chris Amon Matra
11%
1955 GP de Belgique Eugenio Castellotti Lancia
8%
1980 GP des Etats-Unis Est Bruno Giacomelli Alfa Romeo
6%
1957 GP d'Italie Stuart Lewis-Evans Vanwall
5%
1958 GP des Pays-Bas Stuart Lewis-Evans Vanwall
5%
1975 GP de Grande-Bretagne Tom Pryce Shadow-Ford
5%
1966 GP d'Italie Mike Parkes Ferrari
3%
Aucun quiz correspondant
Distribution des résultats
% des personnes avec chaque résultat
Percentile par nombre de réponses
Votre historique - résultats
Vous n’avez pas pris ce quiz depuis la dernière actualisation